| 000 | 00692nam a2200217Ia 4500 | ||
|---|---|---|---|
| 005 | 20220825114941.0 | ||
| 008 | 210716s2009 xx 000 0 und d | ||
| 020 | _a9780199580798 | ||
| 040 | _cAIMIT LIBRARY | ||
| 041 | _aeng | ||
| 082 |
_a574.80285 _23 _bLESA |
||
| 100 |
_aLesk, Arthur M. _955480 |
||
| 245 |
_aIntroduction to bioinformatics / _cBy Arthur L Lesk. |
||
| 250 | _a3rd ed. | ||
| 260 |
_aNew York : _bOxford & IBH publishing co. ltd , _c2009. |
||
| 300 |
_axxii, 474p. ; _c23.5 cm. |
||
| 650 |
_aIntroduction _955481 |
||
| 650 |
_aGenome organization and evolution _955482 |
||
| 650 |
_aArchives and information retrieval _955483 |
||
| 942 |
_2ddc _cBK _e3rd _k574.802505 LESA |
||
| 999 |
_c190931 _d190931 |
||